000
00260 a2200121 4500
001
48663
040
_c
Anchieta - Bela Vista
240
1
0
_a
A bela adormecida
_l
por
245
1
0
_a
A bela adormecida
362
0
_a
2011
650
4
_a
Literatura infantil
942
_c
BK
999
_c
48663
_d
48663